000 00846nas a2200277Ia 4500
001 A50/R024-9115 [r000006351]
003 IT-MiCISF
008 161014c99999999xx |||||||||||| ||und||
040 _aIT-MiCISF
_cIT-MiCISF
041 _aITALIANO
100 _aPoggi Crocco Daniela
210 _aFamiglia oggi
222 _aFamiglia oggi
245 0 _aIl ruolo della famiglia nelle diverse culture
250 _a1a ed.
260 _c1988
501 _bCISF - Centro Internazionale Studi Famiglia - Via Giotto, 36 20145 MILANO (non commercial uses only)
_cCopyright 2016
300 _app. 49-66
362 _an. 32 [1988]
500 _a Tema: modello-famiglia, cultura, comparazione
650 _aFAMIGLIA
_vatti
700 _a Champagne-Gilbert Maurice
700 _a Segalen Martine
942 _cCR
957 _71
999 _a9115
_bSi
_g1
_c238822
_d238822